000 00869 a2200241 4500
005 20081010111031.0
008 081010t xxu||||| |||| 00| 0 eng d
010 _aUR-7332
020 _c150.00
_a8185772606
035 _aU-5887
037 _bD.B.Act / Pub
082 _a841
100 _aگو يل ايس کے راز
245 _aسجد ہ
_cايس کے گويل راز
_b(شعری مجمو عہ)
246 _aSajda
_bby S.K.Goel Raaz
260 _aدھلی
_bسا قی بک ڈپو
_c2007
270 _aA-4157,اردو با زار۔
_bدھلی
_e110006
_k25694346
300 _a147p
_c22 cm (Pbk.)
650 _aاردو شا عری
650 _aUrdu Poetryl
942 _adpl
_cUR
_2ddc
_h841
_mگ و ء
999 _c3246
_d3246